Score 0/20 Timer 06:00
2 Plays Today
% Correct
Halle Berry
91.2%
Adam Sandler
89.9%
Mike Tyson
87.6%
Janet Jackson
81.4%
David Schwimmer
76.7%
Kiefer Sutherland
75.6%
Salma Hayek
67.5%
Cindy Crawford
66.6%
Helena Bonham Carter
66%
John Cusack
63.5%
% Correct
Gordon Ramsay
61.8%
Patrick Dempsey
57.2%
Robin Wright
45%
Téa Leoni
43.9%
Rainn Wilson
38.1%
Jim Gaffigan
32.3%
Cynthia Nixon
32.1%
Julianna Margulies
30.2%
Fred Armisen
29.5%
Martina McBride
16%
Remove Ads.
Support Sporcle.
Get the best of Sporcle when you Go Orange. This ad-free experience offers more features, more stats, and more fun while also helping to support Sporcle. Thank you for becoming a member.

You're not logged in!

Compare scores with friends on all Sporcle quizzes.
OR
Log In

Show Comments

Extras

Top Quizzes Today


Score Distribution

Your Account Isn't Verified!

In order to create a playlist on Sporcle, you need to verify the email address you used during registration. Go to your Sporcle Settings to finish the process.

Report this User

Report this user for behavior that violates our Community Guidelines.

Details: